ទឹកភ្នែកកង់ : (Record no. 9240)

MARC details
000 -LEADER
fixed length control field 01744nam a22003017a 4500
001 - CONTROL NUMBER
control field 9240
003 - CONTROL NUMBER IDENTIFIER
control field FISKH
005 - DATE AND TIME OF LATEST TRANSACTION
control field 20260401105621.0
008 - FIXED-LENGTH DATA ELEMENTS--GENERAL INFORMATION
fixed length control field 251204b cb ||||| |||| 00| 0 eng d
020 ## - INTERNATIONAL STANDARD BOOK NUMBER
International Standard Book Number 9789996388057
040 ## - CATALOGING SOURCE
Original cataloging agency FISKH
Language of cataloging khr
Transcribing agency FISKH
Modifying agency FISKH
050 ## - LIBRARY OF CONGRESS CALL NUMBER
Classification number PZ7
082 ## - DEWEY DECIMAL CLASSIFICATION NUMBER
Classification number 398.2
100 ## - MAIN ENTRY--PERSONAL NAME
Personal name Socheata , Soth
245 ## - TITLE STATEMENT
Title ទឹកភ្នែកកង់ :
Remainder of title The weeping of bicycles /
Statement of responsibility, etc. និពន្ធដោយ អ្នកស្រី សុត សុជាតា
260 ## - PUBLICATION, DISTRIBUTION, ETC.
Place of publication, distribution, etc. ភ្នំពេញ :
Name of publisher, distributor, etc. គ្រឹះស្ថានបោះពុម្ពផ្សាយសៀវភៅប្រាជ្ញា ,
Date of publication, distribution, etc. 2014.
300 ## - PHYSICAL DESCRIPTION
Extent 23 pages :
Other physical details color illustrations ;
Dimensions 25 cm .
505 ## - FORMATTED CONTENTS NOTE
Formatted contents note L <br/>
520 ## - SUMMARY, ETC.
Summary, etc. មានក្មេងតូចបីនាក់ឈ្មោះឡុងហៃ បញ្ញា និងស្រីពេជ្រ ពួកគេមានកង់ម្នាក់មួយ តែពួកគេមិនចេះថែរក្សាកង់ទេ ធ្វើអោយកង់យំហើយចង់ទៅរស់នៅជាមួយម្ចាស់ថ្មី ។
520 ## - SUMMARY, ETC.
Summary, etc. There are three young children named Long Hai, Panya, and Srey Pech. They each have a bicycle, but they don’t know how to take care of their bicycles, which causes the bicycles to become rusty. Because of this, the bicycles want to go live with new owners.
521 8# - TARGET AUDIENCE NOTE
Target audience note 530 <br/>
Source Lexile estimate <br/>
521 8# - TARGET AUDIENCE NOTE
Target audience note L <br/>
Source Raz-Plus <br/> <br/>
650 ## - SUBJECT ADDED ENTRY--TOPICAL TERM
Topical term or geographic name entry element ទឹកភ្នែកកង់
Form subdivision រឿងនិទានកុមារ
650 ## - SUBJECT ADDED ENTRY--TOPICAL TERM
Topical term or geographic name entry element The weeping of bicycles
Form subdivision Children's Stories
700 ## - ADDED ENTRY--PERSONAL NAME
Personal name Bunthorn , Theak
Relator term Illustrator
942 ## - ADDED ENTRY ELEMENTS (KOHA)
Source of classification or shelving scheme Dewey Decimal Classification
Koha item type Khmer Books
Suppress in OPAC No
Holdings
Withdrawn status Lost status Source of classification or shelving scheme Damaged status Not for loan Collection Home library Current library Shelving location Date acquired Total Checkouts Full call number Barcode Date last seen Date last checked out Copy number Price effective from Koha item type
    Dewey Decimal Classification     Khmer-English Bilingual / ភាសាខ្មែរ-អង់គ្លេស Footprints International School Library Network Toul Tom Poung Campus Footprints International School Library Network Toul Tom Poung Campus TTP Primary Khmer Bookshelves 12/04/2025 1 SOC PZ7 398.2 2025-5019 03/11/2026 03/11/2026 1 12/04/2025 Khmer Books
    Dewey Decimal Classification     Khmer-English Bilingual / ភាសាខ្មែរ-អង់គ្លេស Footprints International School Library Network Toul Tom Poung Campus Footprints International School Library Network Toul Tom Poung Campus TTP Primary Khmer Bookshelves 03/27/2026   SOC PZ7 398.2 2026-0386 03/27/2026   2 03/27/2026 Khmer Books
    Dewey Decimal Classification     Khmer-English Bilingual / ភាសាខ្មែរ-អង់គ្លេស Footprints International School Library Network Toul Tom Poung Campus Footprints International School Library Network Toul Tom Poung Campus TTP Primary Khmer Bookshelves 04/01/2026   SOC PZ7 398.2 2026-0426 04/01/2026   3 04/01/2026 Khmer Books